| 000 | 00498cam a2200181 i 4500 | ||
|---|---|---|---|
| 020 | _a0471717169 (v. 1) | ||
| 040 | _cDLC | ||
| 082 | 0 | 0 | _a530 WIL 1977 A058 Or. |
| 100 | 1 | _aResnick, Robert, | |
| 245 | 1 | 0 | _aPhysics / |
| 250 | _a3d ed. | ||
| 260 |
_aNew York : _bWiley, _cc1977-1978. |
||
| 300 |
_a2 v. : _bill. ; _c26 cm. |
||
| 500 | _aPublished in 1960 and 1962 under title: Physics for students of science and engineering. | ||
| 650 | 0 | _aPhysics. | |
| 700 | 1 | _aHalliday, David, | |
| 942 | _cEK | ||
| 999 |
_c14010 _d14010 |
||